<?xml version="1.0" encoding="UTF-8"?><?xml-stylesheet type="text/xsl" href="static/style.xsl"?><OAI-PMH xmlns="http://www.openarchives.org/OAI/2.0/" xmlns:xsi="http://www.w3.org/2001/XMLSchema-instance" xsi:schemaLocation="http://www.openarchives.org/OAI/2.0/ http://www.openarchives.org/OAI/2.0/OAI-PMH.xsd"><responseDate>2026-04-19T10:17:27Z</responseDate><request verb="GetRecord" identifier="oai:riubu.ubu.es:10259/11386" metadataPrefix="marc">https://riubu.ubu.es/oai/request</request><GetRecord><record><header><identifier>oai:riubu.ubu.es:10259/11386</identifier><datestamp>2026-02-18T01:05:51Z</datestamp><setSpec>com_10259_4809</setSpec><setSpec>com_10259_5086</setSpec><setSpec>com_10259_2604</setSpec><setSpec>col_10259_4810</setSpec></header><metadata><record xmlns="http://www.loc.gov/MARC21/slim" xmlns:doc="http://www.lyncode.com/xoai" xmlns:xsi="http://www.w3.org/2001/XMLSchema-instance" xmlns:dcterms="http://purl.org/dc/terms/" xsi:schemaLocation="http://www.loc.gov/MARC21/slim http://www.loc.gov/standards/marcxml/schema/MARC21slim.xsd">
<leader>00925njm 22002777a 4500</leader>
<datafield tag="042" ind1=" " ind2=" ">
<subfield code="a">dc</subfield>
</datafield>
<datafield tag="720" ind1=" " ind2=" ">
<subfield code="a">Vicente Cabrera, Miguel Ángel</subfield>
<subfield code="e">author</subfield>
</datafield>
<datafield tag="720" ind1=" " ind2=" ">
<subfield code="a">Mena Alonso, Álvaro</subfield>
<subfield code="e">author</subfield>
</datafield>
<datafield tag="720" ind1=" " ind2=" ">
<subfield code="a">González Cabrera, Dorys Carmen</subfield>
<subfield code="e">author</subfield>
</datafield>
<datafield tag="720" ind1=" " ind2=" ">
<subfield code="a">Ruiz, Gonzalo</subfield>
<subfield code="e">author</subfield>
</datafield>
<datafield tag="720" ind1=" " ind2=" ">
<subfield code="a">Cifuentes, Héctor</subfield>
<subfield code="e">author</subfield>
</datafield>
<datafield tag="720" ind1=" " ind2=" ">
<subfield code="a">Leiva, Carlos</subfield>
<subfield code="e">author</subfield>
</datafield>
<datafield tag="720" ind1=" " ind2=" ">
<subfield code="a">Yu, Rena C.</subfield>
<subfield code="e">author</subfield>
</datafield>
<datafield tag="720" ind1=" " ind2=" ">
<subfield code="a">Mínguez Algarra, Jesús</subfield>
<subfield code="e">author</subfield>
</datafield>
<datafield tag="260" ind1=" " ind2=" ">
<subfield code="c">2025-03</subfield>
</datafield>
<datafield tag="520" ind1=" " ind2=" ">
<subfield code="a">The accurate determination of the tensile strength of concrete is a topic of growing interest, especially driven by the new ultra-high tensile strength fiber-reinforced concretes. However, this is a complex task, as traditional methods provide inconsistent results (both splitting tensile test and 3-point bending test). The most robust method is the direct tensile test. However, in concrete, it poses a technical challenge that has not yet been satisfactorily solved. The aim of this study is the design of a test specimen that maximizes the percentage of successful failure and also allows a viable anchorage solution to the load application equipment, especially for high and ultra-high tensile strength concretes. An optimized geometry of a bone-shaped specimen that maximizes the probability of collapse occurring at the central neck is presented. First, a mathematical function of the generatrix of the bone-shape specimen is presented. The behavior of the solution is also analyzed numerically and statistically, comparing it with other commonly used solutions for direct tensile tests. Additionally, the design, fabrication, and calibration of a tailored cardan joint for load centering, thus minimizing its eccentricity and the dispersion of the results. Finally, the results of a static test campaign carried out on six carbon-fiber reinforced high tensile strength concrete specimens. The proposed bone-shaped specimen shows a much higher percentage of successful failures than the other specimen geometries commonly used for tensile testing, which improves the quality of tensile characterization test campaigns for high and ultra-high tensile strength concretes.</subfield>
</datafield>
<datafield tag="024" ind2=" " ind1="8">
<subfield code="a">2045-2322</subfield>
</datafield>
<datafield tag="024" ind2=" " ind1="8">
<subfield code="a">https://hdl.handle.net/10259/11386</subfield>
</datafield>
<datafield tag="024" ind2=" " ind1="8">
<subfield code="a">10.1038/s41598-025-94471-7</subfield>
</datafield>
<datafield tag="024" ind2=" " ind1="8">
<subfield code="a">2045-2322</subfield>
</datafield>
<datafield ind1=" " ind2=" " tag="653">
<subfield code="a">Ultra-high strength concrete</subfield>
</datafield>
<datafield ind1=" " ind2=" " tag="653">
<subfield code="a">Direct tensile strength test</subfield>
</datafield>
<datafield ind1=" " ind2=" " tag="653">
<subfield code="a">Fiber-reinforced concrete</subfield>
</datafield>
<datafield ind1=" " ind2=" " tag="653">
<subfield code="a">Monte Carlo method</subfield>
</datafield>
<datafield ind1=" " ind2=" " tag="653">
<subfield code="a">Cardan joint</subfield>
</datafield>
<datafield tag="245" ind1="0" ind2="0">
<subfield code="a">Numerical and experimental study of the optimal specimen geometry for direct tension strength tests in high tensile strength fiber reinforced concrete</subfield>
</datafield>
</record></metadata></record></GetRecord></OAI-PMH>